Turčianske papierne, a.s. Martin

Postavenie spoločnosti Turčianske papierne, a.s. Martin na slovenskom celulózo-papierenskom trhu. História podniku. Stratégia a finančná situácia podniku. Rekonštrukcia výrobného zariadenia. Výroba ekologických obalov z lepenky. Cenová politika podniku. Konkurencieschopnosť na vnútornom trhu.

Gespeichert in:
Bibliographische Detailangaben
1. Verfasser: Trnka, Š.
Format: Buchkapitel
Sprache:Slowakisch
Schlagworte:
Tags: Tag hinzufügen
Keine Tags, Fügen Sie das erste Tag hinzu!

MARC

LEADER 00000naa a2200000 4500
001 r019857
005 20221205103137.2
041 0 |a slo 
044 |a SK 
245 1 0 |a Turčianske papierne, a.s. Martin  |c Š. Trnka 
520 |a Postavenie spoločnosti Turčianske papierne, a.s. Martin na slovenskom celulózo-papierenskom trhu. História podniku. Stratégia a finančná situácia podniku. Rekonštrukcia výrobného zariadenia. Výroba ekologických obalov z lepenky. Cenová politika podniku. Konkurencieschopnosť na vnútornom trhu. 
610 2 0 |a priemysel papiernický 
610 2 0 |a Turčianske papierne, a.s. Martin 
610 2 0 |a papier 
610 2 0 |a trh vnútorný 
610 2 0 |a výnosy podnikové 
610 2 0 |a konkurencieschopnosť 
610 2 0 |a zariadenie výrobné 
610 2 0 |a výrobky ekologické 
610 2 0 |a obaly 
610 2 0 |a ukazovatele finančné 
610 2 0 |a akcionári 
610 2 0 |a Slovensko 
100 1 |a Trnka, Š.